Sinh học đại cương

Tập 1 cuốn " Sinh học đại cương " trình bày hệ thống sinh giới gồm siêu vi khuẩn (Bacteriophage), vi khuẩn, tảo lam, các loại nấm, động thực vật. Phần II sách trình bày các thành phần, cấu trúc chức năng của tế bào,......

Descripció completa

Guardat en:
Dades bibliogràfiques
Autor principal: Phan, Cự Nhân
Format: Llibre
Idioma:Undetermined
Publicat: Hà Nội Đại Học Quốc Gia Hà Nội 1997
Matèries:
Etiquetes: Afegir etiqueta
Sense etiquetes, Sigues el primer a etiquetar aquest registre!
Thư viện lưu trữ: Trung tâm Học liệu Trường Đại học Cần Thơ
LEADER 00871nam a2200205Ia 4500
001 CTU_36213
008 210402s9999 xx 000 0 und d
020 |c 29000 
082 |a 570.2 
082 |b Nh121/T.1 
100 |a Phan, Cự Nhân 
245 0 |a Sinh học đại cương 
245 0 |c Phan Cự Nhân 
260 |a Hà Nội 
260 |b Đại Học Quốc Gia Hà Nội 
260 |c 1997 
520 |a Tập 1 cuốn " Sinh học đại cương " trình bày hệ thống sinh giới gồm siêu vi khuẩn (Bacteriophage), vi khuẩn, tảo lam, các loại nấm, động thực vật. Phần II sách trình bày các thành phần, cấu trúc chức năng của tế bào,... 
650 |a Biology,Cytology 
904 |i Minh 
980 |a Trung tâm Học liệu Trường Đại học Cần Thơ